000
00273nam a22001097a 4500
008
170123b xxu||||| |||| 00| 0 eng d
020
_a
9780130304544
041
_a
eng
080
_a
618.2
245
_a
FLUIDS, ELECROTOLYTES, & ACID-BASE BALANCE
_c
HOGAN, M.A
942
_2
udc
_c
BK
999
_c
3397
_d
3397